000 00442nam a2200193Ia 4500
008 170918s9999 xx 000 0 und d
020 _a9781906427917
050 _bB472 2012
100 _aBennett, Sophia
245 4 _aThe look /
245 _cSophia Bennett.
260 _aNew York :
260 _bScholastic,
260 _c2012
300 _a328 pages :
300 _bcolored illustration ;
300 _c20cm.
500 _a720
999 _c342012
_d342012